00614cam a22002411 4500001001300000003000400013005001700017008004100034010001700075025001900092035002000111040002100131042001200152050001400164100003200178245004900210260001100259300002700270500001700297504002600314650001500340999001700355sa 65004445 DLC20260227112131.0941101s1964 ii a b 000 0 gujo  asa 65004445  aPL480:I-Gu-397 a(OCoLC)31390539 aDLCcCUdCUdDLC apremarc00aQB43b.S81 aSuthāra, Choṭubhāī.10aBrahmāṇḍa vikasatuṃ ke viśrānta. c[1964] a136 p.billus.c19 cm. aIn Gujarati. aBibliography: p. 132. 0aAstronomy. c63765d63765